000 00381nam a2200169Ia 4500
008 210210b1951 xxu||||| |||| 00| 0 eng d
041 _aeng
082 _a150/86
100 _aPOLATIN and PHILTINE
245 _aHow psychiatry helps
260 _a
_bNot Mentioned
_c1951
650 _apsychiatry
650 _aHow
650 _ahelps
690 _aPsychology
906 _a001034
999 _c77550
_d77550